|
|
|
|
| LEADER |
00628nab a2200181 i 4500 |
| 001 |
acta21713 |
| 005 |
20210526162545.0 |
| 008 |
161015s1969 hu o 0|| eng d |
| 022 |
|
|
|a 0563-0592
|
| 040 |
|
|
|a SZTE Egyetemi Kiadványok Repozitórium
|b hun
|
| 041 |
|
|
|a eng
|
| 100 |
1 |
|
|a Stammer Aranka
|
| 245 |
1 |
0 |
|a Comparative investigations on the ciliary ganglion of fresh-water fishes
|h [elektronikus dokumentum] /
|c Stammer Aranka
|
| 260 |
|
|
|c 1969
|
| 300 |
|
|
|a 101-109
|
| 490 |
0 |
|
|a Acta biologica
|v 15 No. 1-4
|
| 695 |
|
|
|a Természettudomány
|
| 856 |
4 |
0 |
|u http://acta.bibl.u-szeged.hu/21713/1/biologica_015_101-109.pdf
|z Dokumentum-elérés
|